[Event "Regionalliga NW 0809"]
[Site "Bayern"]
[Date "2008.10.26"]
[Round "2.3"]
[White "Herdin, Hans Ulrich"]
[Black "Shashkin, Igor"]
[Result "1-0"]
[WhiteElo "2050"]
[BlackElo "2056"]
[PlyCount "101"]
[EventDate "2008.10.05"]
[EventType "team-tourn"]
[EventRounds "9"]
[EventCountry "GER"]
[SourceTitle "EXT 2020"]
[Source "ChessBase"]
[SourceDate "2019.10.17"]
[SourceVersion "1"]
[SourceVersionDate "2019.10.17"]
[SourceQuality "1"]
[WhiteTeam "Kronach"]
[BlackTeam "Hof"]
[WhiteTeamCountry "GER"]
[BlackTeamCountry "GER"]

1. e4 c5 2. Nf3 Nc6 3. c4 e5 4. b3 d6 5. Bb2 f5 6. d3 Nf6 7. Nc3 Be7 8. Nd5 fxe4 9. Nxf6+ Bxf6 10. dxe4 Qe7 11. Qd2 Be6 12. Be2 0-0 13. 0-0 Kh8 14. Rad1 Rad8 15. h3 Rf7 16. Nh2 Bg5 17. Qd3 Nd4 18. Bxd4 exd4 19. Bg4 Rdf8 20. Rde1 Bxg4 21. hxg4 g6 22. g3 Bh6 23. f4 g5 24. f5 Bg7 25. Nf3 Be5 26. Kg2 h6 27. Rh1 Rh7 28. Rh5 Kg7 29. Reh1 Rfh8 30. Qd2 Bf6 31. Re1 b6 32. Qd3 a5 33. Rb1 Ra8 34. a3 Rhh8 35. Rhh1 Rhe8 36. Nd2 Qc7 37. Qf3 Qc6 38. a4 Qc7 39. Rbe1 Qf7 40. e5 Bxe5 41. Rxe5 Rxe5 42. Qxa8 Re2+ 43. Kh3 Rxd2 44. Re1 Rf2 45. Qd8 d3 46. Re7 d2 47. Qxd6 Kg8 48. Rxf7 Kxf7 49. Qe6+ Kg7 50. Qg6+ Kf8 51. f6 1-0

[Event "Regionalliga NW 0708"]
[Site "Bayern"]
[Date "2008.02.17"]
[Round "6.3"]
[White "Herdin, Hans Ulrich"]
[Black "Basel, Matthias"]
[Result "1/2-1/2"]
[WhiteElo "2066"]
[BlackElo "2035"]
[PlyCount "38"]
[EventDate "2007.10.21"]
[EventType "team-tourn"]
[EventRounds "9"]
[EventCountry "GER"]
[SourceTitle "EXT 2009"]
[Source "ChessBase"]
[SourceDate "2008.11.26"]
[SourceVersion "1"]
[SourceVersionDate "2008.11.26"]
[SourceQuality "1"]
[WhiteTeam "Kronach"]
[BlackTeam "Kitzingen"]
[WhiteTeamCountry "GER"]
[BlackTeamCountry "GER"]

1. d4 Nf6 2. c4 g6 3. Nc3 Bg7 4. e4 d6 5. f3 0-0 6. Be3 e5 7. d5 Nh5 8. Qd2 f5 9. exf5 gxf5 10. Bd3 Na6 11. Nge2 Nb4 12. 0-0-0 Nxd3+ 13. Qxd3 a6 14. f4 b5 15. c5 b4 16. Na4 Qe8 17. c6 a5 18. Qd2 Qf7 19. Rhe1 Ba6 1/2-1/2

[Event "Regionalliga NW 0708"]
[Site "Bayern"]
[Date "2007.12.09"]
[Round "4.3"]
[White "Herdin, Hans Ulrich"]
[Black "Kraich, Klaus"]
[Result "1/2-1/2"]
[WhiteElo "2078"]
[BlackElo "2059"]
[PlyCount "23"]
[EventDate "2007.10.21"]
[EventType "team-tourn"]
[EventRounds "9"]
[EventCountry "GER"]
[SourceTitle "EXT 2009"]
[Source "ChessBase"]
[SourceDate "2008.11.26"]
[SourceVersion "1"]
[SourceVersionDate "2008.11.26"]
[SourceQuality "1"]
[WhiteTeam "Kronach"]
[BlackTeam "Klingenberg"]
[WhiteTeamCountry "GER"]
[BlackTeamCountry "GER"]

1. e4 c5 2. Nf3 d6 3. d4 cxd4 4. Nxd4 Nf6 5. Nc3 a6 6. Be2 e5 7. Nb3 Be6 8. 0-0 Nc6 9. Be3 Rc8 10. f3 Na5 11. Nxa5 Qxa5 12. a3 1/2-1/2

[Event "Regionalliga NW 0708"]
[Site "Bayern"]
[Date "2007.11.25"]
[Round "3.3"]
[White "Hild, Detlef"]
[Black "Herdin, Hans Ulrich"]
[Result "1/2-1/2"]
[WhiteElo "2023"]
[BlackElo "2078"]
[PlyCount "99"]
[EventDate "2007.10.21"]
[EventType "team-tourn"]
[EventRounds "9"]
[EventCountry "GER"]
[SourceTitle "EXT 2009"]
[Source "ChessBase"]
[SourceDate "2008.11.26"]
[SourceVersion "1"]
[SourceVersionDate "2008.11.26"]
[SourceQuality "1"]
[WhiteTeam "Nordhalben"]
[BlackTeam "Kronach"]
[WhiteTeamCountry "GER"]
[BlackTeamCountry "GER"]

1. Nf3 c5 2. g3 Nf6 3. Bg2 Nc6 4. d4 cxd4 5. Nxd4 Qb6 6. Nb3 d5 7. Nc3 d4 8. Ne4 Nxe4 9. Bxe4 e5 10. 0-0 Bh3 11. Re1 0-0-0 12. c3 dxc3 13. Qc2 Kb8 14. bxc3 Be6 15. Be3 Qa6 16. Rab1 Be7 17. Bxc6 Bxb3 18. Qxb3 Qxc6 19. Qxf7 Bf6 20. Qb3 Qa6 21. c4 Rc8 22. Rec1 Rhd8 23. Qb5 Rc6 24. Kg2 Rdc8 25. Kf3 Qxb5 26. cxb5 Rc2 27. a4 R2c4 28. a5 Bd8 29. a6 Bb6 30. Rxc4 Rxc4 31. Bxb6 axb6 32. axb7 Kxb7 33. e4 Rc5 34. h4 Kc8 35. Kg4 Kd7 36. f4 Ke6 37. f5+ Kf6 38. Rb3 g6 39. fxg6 Kxg6 40. h5+ Kf6 41. Rb4 Rc1 42. Rb3 Rc4 43. Kf3 Rc5 44. g4 Kg5 45. Kg3 Rc4 46. Rf3 Rxe4 47. Rf5+ Kh6 48. Kf3 Re1 49. Rf6+ Kg5 50. Rxb6 1/2-1/2

[Event "Regionalliga NW 0708"]
[Site "Bayern"]
[Date "2007.10.21"]
[Round "1.3"]
[White "Herdin, Hans Ulrich"]
[Black "Hefter, Franz"]
[Result "1-0"]
[WhiteElo "2078"]
[BlackElo "1918"]
[PlyCount "55"]
[EventDate "2007.10.21"]
[EventType "team-tourn"]
[EventRounds "9"]
[EventCountry "GER"]
[SourceTitle "EXT 2009"]
[Source "ChessBase"]
[SourceDate "2008.11.26"]
[SourceVersion "1"]
[SourceVersionDate "2008.11.26"]
[SourceQuality "1"]
[WhiteTeam "Kronach"]
[BlackTeam "Schweinheim"]
[WhiteTeamCountry "GER"]
[BlackTeamCountry "GER"]

1. d4 Nf6 2. c4 g6 3. Nc3 c5 4. d5 d6 5. Qc2 Bg7 6. e4 0-0 7. Be2 e6 8. Nf3 exd5 9. cxd5 a6 10. a4 Re8 11. 0-0 Nbd7 12. Bf4 Qe7 13. h3 Nh5 14. Bh2 Ne5 15. Nd2 Qh4 16. Bxh5 Qxh5 17. f4 Bxh3 18. fxe5 Bxg2 19. Kxg2 Rxe5 20. Nf3 Qg4+ 21. Bg3 Rh5 22. Rh1 f5 23. Rxh5 gxh5 24. exf5 Rf8 25. Qe4 Bxc3 26. Qe6+ Kh8 27. bxc3 Rxf5 28. Nh4 1-0